Capabilities, freedom and equality: (Record no. 8015)

MARC details
000 -LEADER
fixed length control field 00709 a2200205 4500
010 ## - LCCN (DPL NO)
LC control number ENG-88307
020 ## - INTERNATIONAL STANDARD BOOK NUMBER
International Standard Book Number 0195692373
Terms of availability 375.00
035 ## - SYSTEM CONTROL NUMBER
System control number EN-71840
037 ## - SOURCE OF ACQUISITION
Source of stock number/acquisition DBAD / PUB
082 14 - DEWEY DECIMAL CLASSIFICATION NUMBER
Classification number 305.42
245 1# - TITLE STATEMENT
Title Capabilities, freedom and equality:
Statement of responsibility, etc edited by Bina Agarwal, Jane Humphries [and] Ingrid Robeyns
Remainder of title Amartya Sen's work from a gender perspective/
260 ## - PUBLICATION, DISTRIBUTION, ETC. (IMPRINT)
Place of publication, distribution, etc New Delhi
Name of publisher, distributor, etc Oxford University Press
Date of publication, distribution, etc 2007
270 ## - ADDRESS
Address YMCA Library Building, Jai Singh Road
City New Delhi
Postal code 110 001
300 ## - PHYSICAL DESCRIPTION
Extent xiii, 553p.
Dimensions 22cm ( pbk)
500 ## - GENERAL NOTE
General note Includes index
700 ## - ADDED ENTRY--PERSONAL NAME
Personal name Agarwal, Bina
700 ## - ADDED ENTRY--PERSONAL NAME
Personal name Humphries, Jane
700 ## - ADDED ENTRY--PERSONAL NAME
Personal name Robeyns, Ingrid
942 ## - ADDED ENTRY ELEMENTS (KOHA)
Institution code [OBSOLETE] dpl
Item type English Books
Source of classification or shelving scheme Dewey Decimal Classification
Classification part 305.42
Call number suffix CAP
Holdings
Withdrawn status Lost status Not for loan Collection code Home library Current library Source of acquisition Cost, normal purchase price Full call number Barcode Copy number Cost, replacement price Koha item type Date acquired
    Not For Loan Non-fiction D.B.Act.Division D.B.Act.Division DBAD/PUB 375.00 305.42 CAP EN-71840 1 375.00 English Books  
      Non-fiction Sarojini Nagar Sarojini Nagar   375.00 339.46 CAP B-225823   375.00 English Books 17/05/2012

© Delhi Public Library
Hit Counter
free hit counter